1670 1368 1574 1942 1874 1781 1788 1556 1977 1181 1154 1531 1374 1141 1116 1858 1358 1866 1107 1210 1916 1575 1812 1956 1384 1787 1627 1420 1931 1314 1020 1834 1398 1310 1506 1487 1511 1124 1193 1111 1217 1115 1215 1844 1096 1194 1331 1496 1727 1234 1327 1654 1783 1161 1859 1554 1170 1919 1205 1533 1922 1419 1755 1981 1722 1714 1937 1888 1146 1697 1322 1080 1921 1879 1762 1428 1139 1935 1762 1376 1130 1531 1458 1787 1468 1610 1734 1282 1688 1780 1574 1132 1054 1608 1983 1298 1074 1180 1249 BCNSPRNW ULIB Ver.6.0+V

เปลี่ยนเป็นภาษาไทย

Change to English
 แสดงรายละเอียดบรรณานุกรม
  กลับหน้าหลัก

Brief Record : Get Marc (ISO 2709) : E-mail record : QR code < ปิดหน้าต่าง
LEADER : 00000nam 2200000uu 4500
001    13399122074
003     ULIB
008    121225s2553||||th 000 0 tha d
020    ^a9789741112585
060 04 ^aWJ168^bว145ต 2553
110 1  ^aมหาวิทยาลัยมหิดล. ^bคณะแพทยศาสตร์โรงพยาบาลรามาธิบดี.^bโครงการตำรารามาธิบดี.
245 00 ^aตำราผ่าตัดเล็กในศัลยศาสตร์ระบบปัสสาวะ /^cบรรณาธิการ,วชิร คชการ
260    ^aกรุงเทพฯ :^bโครงการตำรารามาธิบดี คณะแพทยศาสตร์โรงพยาบาลรามาธิบดี มหาวิทยาลัยมหิดล,^c2553
300    ^a198 หน้า :^bภาพประกอบ
650  7 ^aศัลยกรรมน้อย...
650  7 ^aปัสสาวะ,ระบบ^xศัลยกรรม
650  7 ^aศัลยกรรมหัตถการ
700 0  ^aวชิร คชการ,^eบรรณาธิการ
945    ^p700^l0^i16796
945    ^p700^l0^i16797
945    ^p700^l0^i16798
995    ^aทศพร
999    ^aทศพร เกษรทอง
รายการนี้ยังไม่มีแท็ก
คุณยังไม่ได้ล็อกอิน คุณสามารถมีกิจกรรมร่วมกับเว็บไซต์ได้ แต่ต้องล็อกอินก่อน ::
  ล็อกอิน

รายการสื่อสารสนเทศ

ลำดับที่ ประเภท เลขเรียก/บาร์โค้ด สถานที่ สถานะ
1. วิทยาศาสตร์การแพทย์ และสุขภาพ
วิทยาศาสตร์การแพทย์ และสุขภาพ
สถานะ=หนังสือเก่า
WJ168 ว145ต 2553 ฉ.1 
  Barcode: 16796
ห้องสมุดวิทยาเขตนครสวรรค์
►ส่วนจัดเก็บหนังสือเก่า นว.
บนชั้น
  ขอยืม
2. วิทยาศาสตร์การแพทย์ และสุขภาพ
วิทยาศาสตร์การแพทย์ และสุขภาพ
สถานะ=หนังสือเก่า
WJ168 ว145ต 2553 ฉ.2 
  Barcode: 16797
ห้องสมุดวิทยาเขตนครสวรรค์
►ส่วนจัดเก็บหนังสือเก่า นว.
บนชั้น
  ขอยืม
3. วิทยาศาสตร์การแพทย์ และสุขภาพ
วิทยาศาสตร์การแพทย์ และสุขภาพ
สถานะ=หนังสือเก่า
WJ168 ว145ต 2553 ฉ.3 
  Barcode: 16798
ห้องสมุดวิทยาเขตนครสวรรค์
►ส่วนจัดเก็บหนังสือเก่า นว.
บนชั้น
  ขอยืม

รายการใกล้เคียง
    หัวเรื่อง [ศัลยกรรมน้อย...]
    หัวเรื่อง [ศัลยกรรมหัตถการ]

BibComment


ยังไม่เคยถูกคอมเมนท์

คอมเมนท์ทรัพยากรรายการนี้
  คอมเมนท์: ตำราผ่าตัดเล็กใน..


 Copyright 2026. Bcnsprnw @Library